00863 2200277 4500001002100000005001500021035002500036008004100061020001800102040001700120082001700137084001900154100002900173245011000202250002600312260003600338260003600374300002800410650002000438700003100458850001200489090002200501999002200523990001800545990002200563INLIS00000000001181020240823011255 a0010-091500000000323150903s2012 yoi ind d a979-963-886-0 aYOPDYOGbind04223a899.2213 a899.2213 WAW s aWawan SusetyaePengarang10aSunan Kalijaga :bnapak tilas jejak sang guru spiritual Jawa /cWawan Susetya; penyunting, Elis Widayanti aCetakan kedua, kelima31aJogjakarta :bDiva Press,c2012 aJogjakarta :bDiva Press,c2009 a463 halaman ;c; 20 cm. aFiksi Indonesia aElis WidayantiePenyunting aYOPDYOG aCB-D.11 2009-2150 aCB-D.11/2009-2150 a49886-PD/A.15 aCB-D.11/2009-2150